Top 15 Countries with Covid-19 Deaths - 28 May - Statistics

General Stats
  • This quiz has been taken 29 times
  • The average score is 14 of 21
Answer Stats
country % Correct
United States
100%
China
96%
France
96%
United Kingdom
96%
Italy
93%
Germany
89%
Mexico
89%
Brazil
86%
Spain
86%
Canada
75%
India
71%
Portugal
64%
Netherlands
57%
Belgium
50%
Sweden
50%
Iran
46%
Ireland
46%
Turkey
46%
Peru
43%
Switzerland
39%
Ecuador
25%
No matching quizzes found
Score Distribution
Percent of People with Each Score
Percentile by Number Answered
Your Score History
You have not taken this quiz